000 00514nam a2200193Ia 4500
005 20250326125213.0
008 250326s9999 xx 000 0 und d
037 _aTextbook
040 _aFMSL
_beng
_cFMSL
041 _aeng
_2eng
084 _aX5 K6
_qFMSL
100 _aLogan W B
_9738649
245 0 _aFacts about merchandise
_cLogan W B; Moon H M
250 _a2
260 _aNew Jersey
_bNew Jersey, Prentice-Hall
_c1966
300 _a372p
942 _cTB
_hX5 K6
999 _c1276994
_d1276994